Gender and personality traits' (BFI-10) effect on trust

Koncept dôvery, dôvera (trust) a nedôvera (mistrust). Meranie dôvery a vplyv rodu a osobnostných rysov podľa metódy BFI (big five inventory). Replikácia dvoch predošlých dánskych štúdií. Výsledky dotazníkového prieskumu z 02/2017 na študentoch Ekonomickej univerzity v Bratislave.

Gespeichert in:
Bibliographische Detailangaben
1. Verfasser: Olexová, Cecília, 1976-
Weitere Verfasser: Sudzina, František
Format: Buchkapitel
Sprache:Englisch
Schlagworte:
Tags: Tag hinzufügen
Keine Tags, Fügen Sie das erste Tag hinzu!

MARC

LEADER 00000nla a2200000 4500
001 0235977
005 20240502083628.9
041 0 |a eng 
044 |a CZ 
245 1 0 |a Gender and personality traits' (BFI-10) effect on trust  |c Cecília Olexová, František Sudzina 
520 |a Koncept dôvery, dôvera (trust) a nedôvera (mistrust). Meranie dôvery a vplyv rodu a osobnostných rysov podľa metódy BFI (big five inventory). Replikácia dvoch predošlých dánskych štúdií. Výsledky dotazníkového prieskumu z 02/2017 na študentoch Ekonomickej univerzity v Bratislave. 
610 2 0 |a osobnosť 
610 2 0 |a psychológia 
610 2 0 |a študenti 
610 2 0 |a prieskum 
610 2 0 |a dotazníky 
610 2 0 |a Slovensko 
610 2 0 |a Ekonomická univerzita v Bratislave 
100 1 |a Olexová, Cecília, 1976- 
700 1 |a Sudzina, František